Использование угловых измерений при контроле параметров материалов магнитным методом; II; Практические приложения и приборная реализация; Дефектоскопия; № 9

Bibliografiske detaljer
Parent link:Дефектоскопия.— , 1965-
№ 9.— 2003.— С. 71-80
Hovedforfatter: Сандомирский С. Г.
Andre forfattere: Ревяко С. А.
Sprog:russisk
Udgivet: 2003
Serier:Магнитные методы
Fag:
Format: MixedMaterials Book Chapter
KOHA link:https://koha.lib.tpu.ru/cgi-bin/koha/opac-detail.pl?biblionumber=428453

MARC

LEADER 00000naa2a2200000 4500
001 428453
005 20231101074830.0
035 |a (RuTPU)RU\TPU\prd\87995 
035 |a RU\TPU\prd\20177 
090 |a 428453 
100 |a 20101013a2003 k y0rusy50 ca 
101 0 |a rus 
102 |a RU 
200 1 |a Использование угловых измерений при контроле параметров материалов магнитным методом  |h II  |i Практические приложения и приборная реализация  |f С. Г. Сандомирский, С. А. Ревяко 
225 1 |a Магнитные методы 
320 |a Библиогр.: 17 назв. 
461 1 |0 (RuTPU)RU\TPU\prd\151  |t Дефектоскопия  |d 1965- 
463 1 |0 (RuTPU)RU\TPU\prd\87986  |t № 9  |v С. 71-80  |d 2003 
610 1 |a ферромагнитные материалы 
610 1 |a безэлектронный магнитный сортировщик 
610 1 |a угловые измерения 
610 1 |a параметры 
610 1 |a магнитные методы 
610 1 |a практические приложения 
610 1 |a индикация 
610 1 |a намагниченность 
610 1 |a немагнитное покрытие 
610 1 |a магнитный толщиномер 
610 1 |a измерение 
675 |a 620.179.14  |v 3 
700 1 |a Сандомирский  |b С. Г. 
701 1 |a Ревяко  |b С. А. 
801 1 |a RU  |b 63413507  |c 20031202  |g PSBO 
801 2 |a RU  |b 63413507  |c 20150511  |g RCR 
942 |c BK